00976 a2200145 4500003000500000005001700005040000900022082001000031245004900041260004500090300001100135505063600146538003000782650001800812Nust20170207154214.0 cNust a378.4 aNewcastle upon TynebUni Newcastle upon Tyne aNewcastlebUni Newcastle upon Tynec2001 a204 p. aIndex of Degrees (Page-4) Welcome to Newcastle (Page-8) Studying at Newcastle (Page-10) Living in Newcastle (Page-16) Student Life (Page-22) Student Services (Page-28) International Students (Page-41) Arts Social Sciences (Page-68) Part-Time Degree (Page-81) Law and Business (Page-84) Medical and Biomedical Sciences (Page-97) Physical Sciences (Page-124) Engineering (Page-142) Application and Admissions Procedure (Page-194) Curriculum 2000-Post-16 Qualifications (Page-198) Finding out More (Page-199) Visiting the Uni (Page-200) 201 2000 Visit Day Registration Form (Page-201) Photo Credits (Page-203) Location Maps (Page-204) aAlmirah No.117 Shelf No.2 aUG Prospectus